Normal view
MARC view
- Ameer, Huma
Entry Personal Name
001 - CONTROL NUMBER
- control field: 125550
003 - CONTROL NUMBER IDENTIFIER
- control field: NUST
005 - DATE AND TIME OF LATEST TRANSACTION
- control field: 20240830154114.0
008 - FIXED-LENGTH DATA ELEMENTS
- fixed length control field: 240830|| aca||aabn | a|a d
040 ## - CATALOGING SOURCE
- Original cataloging agency: NUST
- Transcribing agency: NUST
100 ## - HEADING--PERSONAL NAME
- Personal name: Ameer, Huma
670 ## - SOURCE DATA FOUND
- Source citation: Work cat.: (NUST): Ameer, Huma, Co-occuring Disfluencies in Stuttered Speech Detection and Classification via Deep Learning Framework/
